000 00236 a2200097 4500
001 48321
100 _aTanzel-ul-Rehman
245 _aMajmogha Qawaneen Islam
260 _aKarachi
_bMarkzi Idra Tahkekat Islami
_c
090 _c31271
_d31271
942 _aNUST-CAE
_cM
_c23638
999 _c283394
_d283394